000 01094nam a22002417a 4500
005 20240305165424.0
007 cr|||| ||||
008 140604s2013 it |||||s|||| 00||0 ita d
020 _a978-88-6611-341-6
035 _a12206
040 _avLex
090 _c5001
_d5001
100 1 _aGrimaldi, Francesco
245 1 2 _aL’evoluzione del sistema confidi in Puglia:
_h[Recurso electrónico] :
_bLineamenti economico-aziendali /
_cFrancesco Grimaldi
256 _aServicio en línea
260 _aBari:
_bCacucci Editore,
_c2013
300 _a1 recurso electrónico
506 1 _aDisponible solo en los productos indicados
_dvLex Global
_dvLex Global (Academic Edition, excluding Law Schools)
_dvLex Global (U.S. Academic Edition, Law Schools)
_dvLex Global (U.S. Academic Edition, excluding Law Schools)
_dvLex Global (Academic Edition, Law Schools)
650 0 4 _aDerecho Mercantil y de la Empresa
_zItalia
740 0 _avLex Libros (Servicio en línea)
856 4 0 _uhttps://app.vlex.com/#/sources/evoluzione-sistema-confidi-puglia-lineamenti-economico-aziendali-12206
942 _cRAA
999 _c163349
_d163349